Music Quiz

Random Music or Song Quiz
Score 0/34 Timer 09:00
0 Plays Today
Lyric Song % Correct
There's a curse between us, between me and youWhat Have You Done
87.7%
On cold wings, she's coming, you better keep movingIce Queen
82.7%
Sanctus Espiritus!Our Solemn Hour
74.2%
Can you still see the heart of me?All I Need
73.8%
I can't live in a fairy tale of liesFaster
73.2%
You can't live without the fire, it's the heat that makes you strongIron
73.2%
There's no escape now, no mercy no moreAngels
71.1%
With every breath and all the choices that we make, we're only passing through on her wayMother Earth
70.7%
Won't close my eyes and hide the truth insideStand My Ground
68.8%
Open up your eyes, save yourself from fading away nowThe Heart of Everything
66%
I've been dreaming for so long, to find a meaning to understandJillian (I'd Give My Heart)
64.7%
In this world you tried not leaving me alone behindMemories
62.2%
How can blood be our salvation and justify the pain that we have caused throughout the times?The Truth Beneath the Rose
61.9%
Are you looking for saviors? Chasing a dream, love turned to hateSinéad
61.6%
When lies turn into truth, I sacrifice for youFrozen
55.9%
When the shadows remain in the light of day, on the wings of darkness he'll retaliateA Demon's Fate
53.5%
Will all our sins be justified?Hand of Sorrow
53.2%
Lyric Song % Correct
You were looking for the great escape to chase your demons awayForgiven
52.8%
Armies have conquered and fallen in the end, kingdoms have risen and buried by sandNever-Ending Story
50.1%
He told the tale so many times about the dream not meant to be, in a world of the freeDeceiver of Fools
49.3%
I've been around these vicious lies too, too long to be neglecting the truthMurder
48.1%
Nothing's ever changed, you still turn awayThe Cross
43.4%
I held you tight to me. You slipped awayThe Promise
42.7%
I have to try to break free from the thoughts in my mindPale
42.2%
All my thoughts are with you forever until the day we'll be back togetherBittersweet
42.1%
It's waiting, always trying, I feel the hands of fate they're suffocatingFinal Destination
42.1%
We've been searching all night long but there's no trace to be foundThe Howling
41.9%
Only vengeance will make me feel better, I won't rest till I know that it's doneIn the Middle of the Night
39.6%
I relinquish to your powers, from your grasp I just can't hideAquarius
38.9%
Although we all have tried to turn back the tide, it was all in vainForsaken
37.5%
All the days of my life, I see them passing me byThe Swan Song
34.3%
Give me your wings to flee from my ivory towerEnter
34.3%
When the ghosts are found, they will lead us to tomorrowSounds of Freedom
29.5%
One by one, they are falling every time they try to strike us downDark Wings
27.3%
Come Together.
Have Fun.
All Virtual.
We all need to come together. Play Sporcle's virtual live trivia to have fun, connect with people, and get your trivia on. Join a live hosted trivia game for your favorite pub trivia experience done virtually. If a virtual private party is more your thing, go here for details.

You're not logged in!

Compare scores with friends on all Sporcle quizzes.
OR
Log In

Sporcle TV

Today on Sporcle TV


Watch our educational content, quiz creation guides, and fun videos on Sporcle TV.

Show Comments

Extras

Top Quizzes Today


Score Distribution

Paid Content

Your Account Isn't Verified!

In order to create a playlist on Sporcle, you need to verify the email address you used during registration. Go to your Sporcle Settings to finish the process.

Report this User

Report this user for behavior that violates our Community Guidelines.

Details: